LEADER 00970cam0-22003371i-450- 001 990007497750403321 005 20070725105621.0 035 $a000749775 035 $aFED01000749775 035 $a(Aleph)000749775FED01 035 $a000749775 100 $a20030814d1946----km-y0itay50------ba 101 0 $aita 102 $aIT 105 $ay-------001yy 200 1 $a<>terra e le sue risorse$elezioni di geografia economica svolte nell'A.A. 1945 46$fElio Migliorini 210 $aNapoli$cPironti$d1946 215 $a253 p.$d25 cm 610 0 $aManuali$aGeografia economica 610 0 $aGeografia economica 676 $a050.001 700 1$aMigliorini,$bElio$f<1902-1988>$031980 801 0$aIT$bUNINA$gRICA$2UNIMARC 901 $aBK 912 $a990007497750403321 952 $a050.001.MIG.$b23541$fDECGE 952 $aC-02-084$bIst. 3682$fILFGE 959 $aDECGE 959 $aILFGE 996 $aTerra e le sue risorse$9298198 997 $aUNINA LEADER 00928nam0-22003131i-450- 001 990000449450403321 005 20070727124543.0 010 $a0-444-00706-7 035 $a000044945 035 $aFED01000044945 035 $a(Aleph)000044945FED01 035 $a000044945 100 $a20020821d1983----km-y0itay50------ba 101 0 $aeng 105 $aa-------001yy 200 1 $aLarge-scale systems$emodeling and control$fMohammad Jamshidi 210 $aNew York ; Amsterdam ; Oxford$cNorth-Holland$dc1983 215 $a524 p.$cill.$d23 cm 225 1 $aNorth-Holland series in system science and engineering$v9 610 0 $aSistemi a grande scala 676 $a003.71 700 1$aJamshidi,$bMohammad$025115 801 0$aIT$bUNINA$gRICA$2UNIMARC 901 $aBK 912 $a990000449450403321 952 $a10 D III 436$b996 DIS$fDINEL 959 $aDINEL 996 $aLarge-scale systems$9333953 997 $aUNINA LEADER 02772nam 2200673 450 001 996320234203316 005 20210827104409.0 010 $a1-4493-3002-9 010 $a1-306-81286-0 010 $a1-4493-3004-5 035 $a(CKB)2560000000090314 035 $a(SSID)ssj0000744288 035 $a(PQKBManifestationID)11423185 035 $a(PQKBTitleCode)TC0000744288 035 $a(PQKBWorkID)10843159 035 $a(PQKB)10037848 035 $a(MiAaPQ)EBC968122 035 $a(CaSebORM)9781449330057 035 $a(MnU)OTLid0000651 035 $a(EXLCZ)992560000000090314 100 $a20130808d2012 uy| 0 101 0 $aeng 135 $aurcnu|||||||| 181 $ctxt 182 $cc 183 $acr 200 04$aThe data journalism handbook /$fedited by Jonathan Gray, Liliana Bounegru, and Lucy Chambers ; illustrator, Kate Hudson 205 $aFirst edition. 210 1$aSebastopol, California :$cO'Reilly Media,$d2012. 215 $a1 online resource (242 pages) $cillustrations (chiefly color), maps (chiefly color) 225 1 $aTheory in practice 300 $a"A project of the European Journalism Centre and the Open Knowledge Foundation"--Title page verso. 300 $a"Strata: making data work"--Cover page [4]. 311 $a1-4493-3005-3 311 $a1-4493-3006-1 327 $aIn the newsroom -- Case studies -- Getting data -- Understanding data -- Delivering data. 330 $aWith The Data Journalism Handbook, you'll explore the potential, limits, and applied use of this new and fascinating field. This handbook has attracted scores of contributors since the European Journalism Centre and the Open Knowledge Foundation launched the project at MozFest 2011. Through a collection of tips and techniques form leading journalists, professors, software developers, and data analysts, you'll learn how data can be wither the source of data journalism or a tool with which the story is told--or both. 410 0$aTheory in practice (Sebastopol, Calif.) 606 $aJournalism$xData processing 606 $aData mining 606 $aInformation visualization 615 0$aJournalism$xData processing. 615 0$aData mining. 615 0$aInformation visualization. 676 $a070.4/30285 700 $aGray$b Jonathan$0989808 701 $aGray$b Jonathan$0989808 701 $aBounegru$b Liliana$01212807 701 $aChambers$b Lucy$01212808 701 $aHudson$b Kate$f1979-$01212809 712 02$aEuropean Journalism Centre. 712 02$aOpen Knowledge Foundation. 801 0$bMiAaPQ 801 1$bMiAaPQ 801 2$bMiAaPQ 906 $aBOOK 912 $a996320234203316 996 $aThe data journalism handbook$92800754 997 $aUNISA